00624cam a2200169 i 4500999001900000020001500019082001600034100003100050245003100081260003100112300002500143490003800168500004000206650003600246942000700282952016500289 c342537d342537 a047193755X00a639bWHE/AQ1 aWheaton, Fredrick W.9310210aAquacultural engineering / aNew York :bWiley,cc1977. axx, 708 p. :bill. ;0 aOcean engineering, a Wiley series a"A Wiley-Interscience publication." 0aAquacultural engineering.93103 cBK 001040708General BoaKAUAETbKAUAETcGENd2018-03-31eVigyan Booksg1495.00l4o639 WHE/AQpKAU_KCAEFT-25679r2025-02-22 00:00:00s2025-02-22w2018-05-21yBK